LEADER 01243nam--2200397---450- 001 990005949110203316 005 20140526133312.0 010 $a978-0-470-41169-8 035 $a000594911 035 $aUSA01000594911 035 $a(ALEPH)000594911USA01 035 $a000594911 100 $a20140526d2010----km-y0itay50------ba 101 $aeng 102 $aUS 105 $a||||||||001yy 200 1 $aMultivariate statistics$eHigh-dimensional and large-sample approximations$fYasunori Fujikoshi, Vladimir V. Ulyanov, Ryoichi Shimizu 210 $aHoboken N.J.$cWiley$d2010 215 $aXVIII, 533 p.$d24 cm. 225 2 $aWiley series in probability and statistics 410 0$1001$12001$aWiley series in probability and statistics 454 1$12001 461 1$1001-------$12001 606 0 $aAnalisi multivariata$2BNCF 676 $a519.535 700 1$aFUJIKOSHI$byasunori$0618912 701 1$aULYANOV$bVladimir V.$0618913 701 $aSHIMIZU,$BRyoichi$0618914 801 0$aIT$bsalbc$gISBD 912 $a990005949110203316 951 $a519.535 FUJ$b255 DISES 959 $aBK 969 $aDISES 979 $aMORRIELLO$b90$c20140526$lUSA01$h1333 996 $aMultivariate statistics$91070429 997 $aUNISA LEADER 01194cam0-22004091i-450 001 990001669570403321 005 20201012094312.0 035 $a000166957 035 $aFED01000166957 035 $a(Aleph)000166957FED01 035 $a000166957 100 $a20030910d1974----km-y0itay50------ba 101 0 $afre 105 $ay-------001yy 200 1 $aA propos de la question coréenne$ediscours prononcés par les délégués de différents pays à la 28e session de l'Assemblée générale de l'O.N.U 210 $aPyongyang$cEditions en Langues Etrangères$d1974 215 $a302 p.$d21 cm 610 0 $aPolitica 676 $a320 676 $a341 676 $aF/1.331 710 02$aNazioni Unite$0341045 801 0$aIT$bUNINA$gRICA$2UNIMARC 901 $aBK 912 $a990001669570403321 952 $aX T 344$b102689$fFGBC 952 $aX T 345$b102688$fFGBC 952 $aIII P 10$b4654$fFSPBC 952 $aIII P 11$b4655$fFSPBC 952 $aF/1.331 APR$b8051/I$fSES 952 $a60 320 B 26$b44856$fFAGBC 959 $aFAGBC 959 $aFGBC 959 $aFSPBC 959 $aSES 996 $aA propos de la question coréenne$9370134 997 $aUNINA LEADER 00958nas 2200361 c 450 001 9910895133903321 005 20260218112813.0 024 7 $aurn:nbn:de:0128-1-34021 035 $a(CKB)3790000000121848 035 $a(DE-599)ZDB2695750-4 035 $a(OCoLC)823258981 035 $a(DE-101)1029079862 035 $a(DE-599)2695750-4 035 $a(EXLCZ)993790000000121848 100 $a20121217b18951895 |y | 101 0 $ager 135 $aur||||||||||| 181 $ctxt$2rdacontent 182 $cc$2rdamedia 183 $acr$2rdacarrier 200 10$a... Deutsches Athleten-Verbandsfest zu .. 210 31$aCoblenz$d1895-1895 215 $aOnline-Ressource 608 $aZeitschrift$2gnd-content 676 $a796 686 $a990$a130$2rpb 801 0$b0929 801 1$bDE-101 801 2$b0292 906 $aJOURNAL 912 $a9910895133903321 996 $a.. Deutsches Athleten-Verbandsfest zu .$94237218 997 $aUNINA